[Event "Groningen op"]
[Site "Groningen"]
[Date "1994.??.??"]
[Round "1"]
[White "Kroeze, Frank"]
[Black "Tarasova, Oksana"]
[Result "1-0"]
[WhiteElo "2405"]
[BlackElo "2210"]
[PlyCount "45"]
[EventDate "1994.12.??"]
[EventType "swiss"]
[EventRounds "11"]
[EventCountry "NED"]
[SourceTitle "EXT 1997"]
[Source "ChessBase"]
[SourceDate "1996.11.15"]
[SourceVersion "1"]
[SourceVersionDate "1996.11.15"]
[SourceQuality "1"]

1. e4 c5 2. Nc3 Nc6 3. g3 g6 4. Bg2 Bg7 5. d3 e6 6. Be3 d6 7. Qd2 Nge7 8. Bh6 0-0 9. Bxg7 Kxg7 10. h4 Nd4 11. h5 Ng8 12. 0-0-0 b5 13. Nce2 Bb7 14. Nxd4 cxd4 15. Nf3 e5 16. hxg6 hxg6 17. Rh4 Re8 18. Rdh1 Kf8 19. Ng5 Nf6 20. f4 Rc8 21. fxe5 Rxe5 22. Rh8+ Ng8 23. Nxf7 1-0

[Event "Budapest FS04 IM (Women)"]
[Site "Budapest"]
[Date "1994.??.??"]
[Round "3"]
[White "Ladanyike Karakas, Eva"]
[Black "Tarasova, Oksana"]
[Result "0-1"]
[WhiteElo "2075"]
[BlackElo "2170"]
[PlyCount "74"]
[EventDate "1994.04.??"]
[EventType "tourn"]
[EventRounds "13"]
[EventCountry "HUN"]
[SourceTitle "EXT 1997"]
[Source "ChessBase"]
[SourceDate "1996.11.15"]
[SourceVersion "1"]
[SourceVersionDate "1996.11.15"]
[SourceQuality "1"]

1. e4 c5 2. Nc3 Nc6 3. g3 g6 4. Bg2 Bg7 5. f4 d6 6. d3 Nf6 7. Nf3 Bg4 8. h3 Bxf3 9. Qxf3 Nd4 10. Qf2 Nd7 11. Nd1 Qa5+ 12. Bd2 Nxc2+ 13. Kf1 Qb5 14. Rc1 Qxd3+ 15. Qe2 Qxe2+ 16. Kxe2 Nd4+ 17. Kf2 Rb8 18. Re1 0-0 19. Nc3 b5 20. g4 c4 21. Bf1 Nc5 22. Nd1 Rfc8 23. Kg3 e6 24. h4 d5 25. exd5 exd5 26. Nc3 Nc6 27. Rcd1 d4 28. Ne4 Nxe4+ 29. Rxe4 d3 30. Bc3 Re8 31. Bg2 Rxe4 32. Bxe4 Nd4 33. Bxd4 Bxd4 34. b3 Re8 35. Kf3 c3 36. Bxd3 Re3+ 37. Kg2 Rxd3 0-1

[Event "Groningen op"]
[Site "Groningen"]
[Date "1994.??.??"]
[Round "2"]
[White "Tarasova, Oksana"]
[Black "Taeger, Winfried"]
[Result "0-1"]
[WhiteElo "2210"]
[BlackElo "2325"]
[PlyCount "68"]
[EventDate "1994.12.??"]
[EventType "swiss"]
[EventRounds "11"]
[EventCountry "NED"]
[SourceTitle "EXT 1997"]
[Source "ChessBase"]
[SourceDate "1996.11.15"]
[SourceVersion "1"]
[SourceVersionDate "1996.11.15"]
[SourceQuality "1"]

1. c4 e6 2. Nf3 f5 3. d4 Nf6 4. g3 g6 5. Bg2 Bg7 6. 0-0 d6 7. Nc3 0-0 8. Qc2 Nc6 9. Rd1 Qe7 10. d5 exd5 11. cxd5 Nb4 12. Qb3 Na6 13. Nd4 Nc5 14. Qc2 a5 15. b3 Bd7 16. a3 a4 17. b4 Nb3 18. Nxb3 axb3 19. Qxb3 Ne4 20. Bxe4 fxe4 21. Be3 Rf5 22. Rac1 b5 23. Rd2 Raf8 24. Nd1 c6 25. dxc6+ Be6 26. Qc2 Bc4 27. a4 Rh5 28. axb5 d5 29. Kg2 Qe6 30. h4 Rxh4 31. gxh4 Qg4+ 32. Kf1 Qh3+ 33. Kg1 Be5 34. f4 exf3 0-1

[Event "Budapest FS04 IM (Women)"]
[Site "Budapest"]
[Date "1994.??.??"]
[Round "10"]
[White "Tarasova, Oksana"]
[Black "Velvart, Peterne"]
[Result "1-0"]
[WhiteElo "2170"]
[BlackElo "2205"]
[PlyCount "45"]
[EventDate "1994.04.??"]
[EventType "tourn"]
[EventRounds "13"]
[EventCountry "HUN"]
[SourceTitle "EXT 1997"]
[Source "ChessBase"]
[SourceDate "1996.11.15"]
[SourceVersion "1"]
[SourceVersionDate "1996.11.15"]
[SourceQuality "1"]

1. d4 d5 2. c4 e6 3. Nf3 Nf6 4. g3 c6 5. Bg2 Bd6 6. 0-0 dxc4 7. Qc2 b5 8. a4 Bb7 9. e4 Be7 10. Rd1 Qc8 11. Nc3 a6 12. Bg5 h6 13. Bxf6 Bxf6 14. e5 Be7 15. Ne4 Nd7 16. h4 0-0 17. g4 c5 18. g5 cxd4 19. Rxd4 hxg5 20. hxg5 Nc5 21. Nf6+ Bxf6 22. gxf6 g6 23. Qd2 1-0

[Event "Karvina op"]
[Site "Karvina"]
[Date "1992.??.??"]
[Round "8"]
[White "Grinshpun, Eduard"]
[Black "Tarasova, Oksana"]
[Result "1-0"]
[WhiteElo "2400"]
[BlackElo "2105"]
[PlyCount "55"]
[EventDate "1992.??.??"]
[EventType "swiss"]
[EventRounds "9"]
[EventCountry "CZE"]
[SourceTitle "EXT 1997"]
[Source "ChessBase"]
[SourceDate "1996.11.15"]
[SourceVersion "1"]
[SourceVersionDate "1996.11.15"]
[SourceQuality "1"]

1. Nf3 d5 2. d4 e6 3. c4 c6 4. Nbd2 Nf6 5. g3 Be7 6. Bg2 Nbd7 7. 0-0 0-0 8. Qc2 b6 9. e4 dxe4 10. Nxe4 Bb7 11. Bf4 c5 12. Nd6 Bc6 13. dxc5 bxc5 14. Rad1 Qb6 15. Rfe1 Rad8 16. Nf5 exf5 17. Rxe7 Be4 18. Qc1 Qa6 19. Nh4 Nb6 20. Bxe4 fxe4 21. Rxd8 Rxd8 22. Nf5 Qxa2 23. Bc7 Rf8 24. Qg5 Nh5 25. Qxh5 Nxc4 26. Qg5 g6 27. Nh6+ Kg7 28. Ng4 1-0

[Event "Karvina op"]
[Site "Karvina"]
[Date "1992.??.??"]
[Round "6"]
[White "Sopur, Lech"]
[Black "Tarasova, Oksana"]
[Result "0-1"]
[WhiteElo "2355"]
[BlackElo "2105"]
[PlyCount "76"]
[EventDate "1992.??.??"]
[EventType "swiss"]
[EventRounds "9"]
[EventCountry "CZE"]
[SourceTitle "EXT 1997"]
[Source "ChessBase"]
[SourceDate "1996.11.15"]
[SourceVersion "1"]
[SourceVersionDate "1996.11.15"]
[SourceQuality "1"]

1. d4 d5 2. c4 e6 3. Nc3 c6 4. Nf3 dxc4 5. a4 Bb4 6. e3 b5 7. Nd2 Qb6 8. Qg4 Kf8 9. axb5 cxb5 10. Nd5 exd5 11. Qxc8+ Ke7 12. Be2 Qc6 13. Qg4 Nf6 14. Qxg7 Rg8 15. Qh6 Rxg2 16. Kf1 Rxf2+ 17. Ke1 Ne4 18. Qxh7 Qf6 19. Kd1 Rxe2 20. Nxe4 Qf3 21. Qh4+ Kd7 22. Qg4+ Qxg4 23. Nf6+ Ke6 24. Nxg4 Rg2 25. h3 c3 26. bxc3 Bxc3 27. Rb1 b4 28. e4 dxe4 29. d5+ Kd7 30. Rf1 Na6 31. Be3 Rd8 32. Rxf7+ Ke8 33. Rxa7 Rxd5+ 34. Kc1 Nc5 35. Ra8+ Ke7 36. Bxc5+ Rxc5 37. Ra7+ Kd6 38. Rb7 Bb2+ 0-1

[Event "Karvina op"]
[Site "Karvina"]
[Date "1992.??.??"]
[Round "7"]
[White "Tarasova, Oksana"]
[Black "Asanov, Bolat"]
[Result "1/2-1/2"]
[WhiteElo "2105"]
[BlackElo "2405"]
[PlyCount "65"]
[EventDate "1992.??.??"]
[EventType "swiss"]
[EventRounds "9"]
[EventCountry "CZE"]
[SourceTitle "EXT 1997"]
[Source "ChessBase"]
[SourceDate "1996.11.15"]
[SourceVersion "1"]
[SourceVersionDate "1996.11.15"]
[SourceQuality "1"]

1. d4 Nf6 2. c4 g6 3. Nc3 Bg7 4. e4 d6 5. Nf3 0-0 6. g3 Nc6 7. Bg2 Bg4 8. h3 Bxf3 9. Bxf3 Nd7 10. d5 Nd4 11. Bg2 c5 12. dxc6 bxc6 13. Be3 Ne6 14. 0-0 Rb8 15. Qd2 Rb4 16. b3 a5 17. Rab1 Nec5 18. Rfd1 Qc7 19. f4 Rfb8 20. Kh2 Qb7 21. e5 dxe5 22. Nb5 e4 23. a3 Rxb3 24. Rxb3 Nxb3 25. Qxd7 Qxd7 26. Rxd7 cxb5 27. cxb5 Rxb5 28. Rxe7 Bf8 29. Re8 Kg7 30. a4 Rb4 31. Rxe4 Bc5 32. Rxb4 axb4 33. Bd5 1/2-1/2